Introduction to applied Mathematics

Saved in:
Bibliografiske detaljer
Hovedforfatter: Sirovich, Lawrence (Author)
Format: Bog
Sprog:engelsk
Udgivet: Nueva York Springer-Verlag 1988
Serier:Texts in Applied Mathematics, 1
Fag:
Tags: Tilføj Tag
Ingen Tags, Vær først til at tagge denne postø!

MARC

LEADER 00000cam a2200000 a 4500
001 UCF9238
003 CL-VaPUC
008 131111e19880000us |||||||||||||||||eng|d
020 |a 0387968849 
082 0 4 |a 515  |b SIR  |2 21 
100 0 |a Sirovich, Lawrence  |e author  |9 571498 
245 1 0 |a Introduction to applied Mathematics 
300 |a 370 p 
942 |c BK 
945 |d 20131111 15:03:00  |a cmena 
260 |a Nueva York  |b Springer-Verlag  |c 1988 
650 0 |a Análisis numérico   |9 259387 
650 0 |a Números complejos  |9 270335 
650 0 |a Ecuaciones diferenciales  |9 260083 
650 0 |a Ecuaciones integrales   |9 270067 
650 0 |a Series de Fourier  |9 260465 
583 |a last modification  |c 20131111 15:03:00  |k Rodrigo Vera 
490 0 |a Texts in Applied Mathematics, 1 
999 |c 353711  |d 353709 
952 |0 0  |1 0  |3 erd  |4 0  |6 515_000000000000000_SIR_1988  |7 0  |8 A  |9 459073  |a BIBMAT  |b BIBMAT  |d 2019-11-23  |i 5026229  |o 515 SIR 1988  |p 5026229  |r 2025-01-07  |w 2019-11-23  |y BK  |z Catalogado en:20131111  |k MAT